Library Logo

Pioneer International University Library Catalogue

THE LEADR OF THE FUTURE (Record no. 9845)

MARC details
000 -LEADER
fixed length control field 00391nam a22001457a 4500
003 - CONTROL NUMBER IDENTIFIER
control field OSt
005 - DATE AND TIME OF LATEST TRANSACTION
control field 20251121104405.0
008 - FIXED-LENGTH DATA ELEMENTS--GENERAL INFORMATION
fixed length control field 251121b |||||||| |||| 00| 0 eng d
020 ## - INTERNATIONAL STANDARD BOOK NUMBER
International Standard Book Number 0787901806
040 ## - CATALOGING SOURCE
Transcribing agency LYONS FALLS TURIN BOOK
050 ## - LIBRARY OF CONGRESS CALL NUMBER
Classification number HD 57.7 .L418 1996
245 ## - TITLE STATEMENT
Title THE LEADR OF THE FUTURE
Statement of responsibility, etc. HESSEL, FRANCES
260 ## - PUBLICATION, DISTRIBUTION, ETC.
Place of publication, distribution, etc. NEW YORK
Name of publisher, distributor, etc. LYONS FALLS TURIN BOOK
Date of publication, distribution, etc. 1996
942 ## - ADDED ENTRY ELEMENTS (KOHA)
Source of classification or shelving scheme Dewey Decimal Classification
Koha item type Books
Suppress in OPAC No
Holdings
Withdrawn status Lost status Source of classification or shelving scheme Damaged status Not for loan Home library Current library Date acquired Total checkouts Barcode Date last seen Price effective from Koha item type
    Library of Congress Classification     PIU Library PIU Library 11/21/2025   PIUDL804 11/21/2025 11/21/2025 Books